000 01322cam a2200301 a 4500
001 1653307
005 20260318061158.0
008 970523s1998 miua c b 001 0 eng
010 _a 97023014
020 _a9780787617356
035 _a1653307
040 _aDLC
_cDLC
_dDLC
042 _alcac
082 _a347.07 FRO
245 0 0 _aCourtroom drama :
_b120 of the world's most notable trials, volumes 1-3 /
_cedited by Elizabeth Frost-Knappman, Edward W. Knappman, and Lisa Paddock
260 _aDetroit :
_bUXL,
_c1998.
300 _a3 v. (xlvi, 864 p.) :
_bill. ;
_c25 cm.
505 _aVolume 1: The Constitution, Family Law & Reproductive Rights, Freedom of Speech, Human Rights, Negligence. Volume 2: Assassinations, Espionage, Murder, Political Corruption. Volume 3: Military Trials & Courts Martial, Religion & Heresy, Treason, War Crimes.
650 0 _aTrials
_xJuvenile literature.
650 1 _aTrials.
700 1 _aFrost-Knappman, Elizabeth
700 1 _aKnappman, Edward W.
700 1 _aPaddock, Lisa Olson.
906 _a7
_bcbc
_corignew
_d1
_eocip
_f19
_gy-gencatlg
942 _2ddc
_cBK
999 _c15881
_d15881